[Event "SK Landau-Dingolfing 1-SK Bruckmuehl 1"]
[Site "?"]
[Date "2024.11.10"]
[Round "3.5"]
[White "Zeindlmeier, Thomas"]
[Black "Theiss, Johann"]
[Result "1-0"]
[WhiteElo "1980"]
[BlackElo "1911"]
[Annotator "Stockfish 17"]
[PlyCount "86"]
[EventDate "2024.??.??"]
[WhiteTeam "SK Bruckmühl 1"]
[BlackTeam "SK Landau-Dingolfing 1"]

{[%evp 15,86,-20,-12,-12,-4,-10,20,-15,6,-9,29,-6,-6,-11,13,-11,20,19,30,3,53,
54,98,90,136,89,339,339,374,360,393,394,388,399,475,470,460,453,438,437,453,
252,252,234,539,538,542,543,534,533,589,584,587,495,588,582,578,530,610,593,
574,498,569,528,578,552,597,606,591,586,623,614,591]} 1. e4 c5 2. Nc3 Nc6 3. g3
g6 4. Bg2 Bg7 5. d3 d6 6. f4 e6 7. Nf3 Nge7 8. Be3 Nd4 9. Qd2 Bd7 10. O-O Rb8
11. Qf2 {[%cal Rf3d4]} Nec6 12. Nd1 {[%cal Bc3d1,Bd1f2,Bf2h3][%mdl 32]} O-O 13.
c3 Nxf3+ 14. Qxf3 Qe7 15. Re1 f5 16. Nf2 Rfe8 17. Nh3 fxe4 $6 (17... h6 18. Nf2
Rbc8 19. Qe2 Qf7 20. Rad1 $11) 18. dxe4 Rbd8 19. Rad1 $16 a6 20. Qf2 {[#]} Qf8
$2 (20... Rf8 $16) 21. e5 $1 $18 {ändert mit einem Schlag die Lage} dxe5 22.
Bxc5 Qf5 23. Bb6 exf4 24. Qxf4 (24. Bxd8 Rxd8 25. Nxf4 $18) 24... Qb5 25. Bxd8
Rxd8 26. Qc7 Be5 {[#]} 27. Rxe5 {[%mdl 512]} Qxe5 28. Qxb7 (28. Rxd7 $142 $1
Qxc7 29. Rxc7) 28... Qe3+ 29. Kh1 Be8 (29... Ne5 30. Qxa6 Rf8) 30. Rxd8 {
[%cal Rd8e8] Weiß steht klar auf Gewinn.} Qe1+ 31. Ng1 {[%cal Rd8e8]} Nxd8 32.
Qe7 {[%mdl 64] [#] Doppelangriff} Nf7 {Schwarz hofft, mit ...Lb5 fortzusetzen.}
33. Qxe8+ Kg7 34. Qe7 Kg8 35. Qe8+ Kg7 36. Qd7 Kg8 37. Qc8+ Kg7 38. Qc7 Kg8 39.
h3 Ne5 40. Kh2 Qe3 41. Qb8+ Kg7 42. Qb7+ Kg8 43. Qxa6 h5 1-0

[Event "SK Landau-Dingolfing 1-SK Bruckmuehl 1"]
[Site "?"]
[Date "2024.11.10"]
[Round "3.6"]
[White "Huber, Florian"]
[Black "Stoffel, Matthias"]
[Result "0-1"]
[WhiteElo "1820"]
[BlackElo "1982"]
[Annotator "Stockfish 17"]
[PlyCount "70"]
[EventDate "2024.??.??"]
[WhiteTeam "SK Landau-Dingolfing 1"]
[BlackTeam "SK Bruckmühl 1"]

{[%evp 14,70,35,-6,22,24,26,17,18,16,24,9,16,-5,-8,-8,-6,-3,-10,-12,24,-9,-6,
-9,-4,-10,-7,-7,-3,-3,-2,-5,-3,-3,-3,-3,0,0,0,0,0,0,0,-11,-11,-9,-10,-190,-202,
-561,-557,-566,-537,-29972,-4778,-1116,-1145,-958,-911]} 1. d4 c5 2. e3 Nf6 3.
Nf3 g6 4. Bd3 Bg7 5. O-O O-O 6. Nbd2 cxd4 7. exd4 d5 8. Ne5 Nc6 9. Ndf3 Nd7 10.
Nxd7 Bxd7 11. c3 $11 Qb6 12. Re1 Bg4 13. h3 Bxf3 14. Qxf3 e5 15. dxe5 Nxe5 16.
Qd1 Rfe8 17. Bc2 (17. Bf1 $5) 17... Nc4 18. Bb3 Qc6 19. Rb1 b5 20. Rxe8+ Rxe8
21. a4 a6 22. axb5 axb5 23. Bxc4 dxc4 24. Be3 Qe4 25. Ra1 b4 26. cxb4 Bxb2 27.
Ra7 Be5 28. b5 c3 29. Qb3 Qf5 {[#] Weiss muss nun ...c2 beachten.} 30. b6 $2 (
30. Ra1 $1 $11 {und Weiss muss sich keine Sorgen machen.} Rd8 31. b6 $11) 30...
c2 $1 $40 {[%mdl 128] Schwarz geht auf den König.} 31. b7 $2 (31. g4 {ist
zäher.} Qf3 32. Qxc2 Qxh3 33. Qb3) 31... Bb8 32. Ra1 Qe5 33. Rc1 {Droht g3
und aus.} Qh2+ 34. Kf1 Qh1+ 35. Ke2 Qxc1 $1 {[%csl Gc2][%cal Rc1d1]} 0-1

[Event "SK Landau-Dingolfing 1-SK Bruckmuehl 1"]
[Site "?"]
[Date "2024.11.10"]
[Round "3.7"]
[White "Jaworek, Thomas"]
[Black "Fuchsgruber, Helmut"]
[Result "1-0"]
[WhiteElo "1972"]
[BlackElo "1804"]
[Annotator "Stockfish 17"]
[PlyCount "57"]
[EventDate "2024.??.??"]
[WhiteTeam "SK Bruckmühl 1"]
[BlackTeam "SK Landau-Dingolfing 1"]

{[%evp 18,57,146,-14,-7,-33,-32,-22,71,61,82,77,75,64,194,170,185,135,146,134,
125,126,222,199,240,10,15,-9,-8,-11,0,2,107,127,407,411,542,543,708,667,777,
770]} 1. e4 Nf6 {die Aljechin-Verteidigung ist ein seltener Gast} 2. e5 Nd5 3.
d4 d6 4. c4 Nb6 5. f4 dxe5 6. fxe5 {die Jagd-Variante bietet einige Chancen} c5
7. d5 $16 e6 $2 8. Nc3 exd5 9. cxd5 c4 {Schwarz spielt eine Variante, die er
nach Prüfung mit Stockfish verwerfen müßte} 10. Be3 $2 {verspielt den
Vorteil wieder} (10. d6 $142 $1 $16 Nc6 11. Bf4 {und Schwarz steht schlecht}
Be6 12. Nf3 Qd7 $2 13. Be2 (13. a4 $18) 13... O-O-O 14. Qd2 $16 {Kotsur,
P-Koniushkov,I RUS-cup Smolensk 1997} (14. a4 $18)) (10. Nf3 Bg4 11. Qd4 Bxf3
12. gxf3 Bb4 13. Bxc4 $16 {Bronstein,D-Ljubojevic,L Petropolis izt 1973}) 10...
Bb4 $11 {...Sxd5 ist eine echte Drohung.} 11. Bxb6 Qxb6 12. Bxc4 Qe3+ (12...
O-O $1 $11 {bleibt in der Remisbreite.}) 13. Nge2 $16 {[#] Droht Da4+ und aus.}
Bxc3+ 14. bxc3 Qxe5 15. O-O $36 {[%mdl 2048] Weiss drückt.} Qe3+ $2 (15... O-O
$14) 16. Kh1 $18 O-O 17. Qd4 (17. Nd4 $1) 17... Qxd4 18. Nxd4 $16 Nd7 19. Rae1
Nb6 $6 (19... Nf6 $16 {ist wohl besser.}) 20. Bb3 a5 {Weiss sollte ...a4
verhindern.} 21. a4 $2 (21. d6 $142 $18 {Schwarz muss nun Txf7! beachten.} Bd7
22. Re7) 21... Bd7 $11 22. Nb5 Bxb5 23. axb5 a4 24. Ba2 Rac8 $6 (24... Nc8 $11
{hält das Gleichgewicht.}) 25. Re7 $16 {Und d6 würde nun gewinnen.} Rxc3 $2 {
[%mdl 8192]} (25... Rcd8 $16 {war angesagt.}) 26. d6 $18 Nc4 27. Rc7 {Weiß
steht klar auf Gewinn.} Nd2 {[#] Droht stark ...Txc7.} 28. Rxc3 {zielt auf
Txf7! ab.} Nxf1 29. d7 1-0

[Event "SK Landau-Dingolfing 1-SK Bruckmuehl 1"]
[Site "?"]
[Date "2024.11.10"]
[Round "3.8"]
[White "Zinner, Bernhard"]
[Black "Limbrunner, Steven"]
[Result "0-1"]
[WhiteElo "1804"]
[BlackElo "1938"]
[Annotator "Stockfish 17"]
[PlyCount "22"]
[EventDate "2024.??.??"]
[WhiteTeam "SK Landau-Dingolfing 1"]
[BlackTeam "SK Bruckmühl 1"]

{[%evp 11,22,58,55,55,110,109,100,81,80,89,74,-458,-458]} 1. d4 f5 2. c4 Nf6 3.
Nf3 e6 4. Nc3 Be7 5. g3 O-O 6. Bg2 Ne4 7. Qc2 Nc6 $6 (7... d5 8. Bf4 c6 $14) 8.
Nxe4 Nb4 9. Qb1 {[#] Und Sc3 würde nun gewinnen.} (9. Qb3 $16) 9... fxe4 10.
Qxe4 d5 11. cxd5 $4 {[%mdl 8192]} (11. Qb1 $16 {ist nötig, um Vorteil zu
sichern.}) 11... exd5 (11... exd5 12. Qe5 (12. Qb1 Bf5 $19) 12... Rf5 $19) 0-1

[Event "MTV Ingolstadt 1-SV Roehrnbach 1"]
[Site "?"]
[Date "2024.11.10"]
[Round "3.1"]
[White "Fuchs, Florian"]
[Black "Lechermann, Markus"]
[Result "1-0"]
[WhiteElo "2126"]
[BlackElo "2093"]
[Annotator "Stockfish 17"]
[PlyCount "115"]
[EventDate "2024.??.??"]
[WhiteTeam "SV Röhrnbach 1"]
[BlackTeam "MTV Ingolstadt 1"]

{[%evp 14,115,60,61,90,92,139,136,136,141,144,122,148,153,176,170,240,234,217,
213,221,210,265,266,227,216,213,198,206,135,156,128,168,168,143,160,348,365,
462,450,485,481,455,461,452,440,455,459,451,448,450,447,440,425,434,424,424,
394,389,382,423,423,443,438,430,439,515,514,505,503,490,470,539,523,731,727,
1245,795,772,734,8053,844,6460,6460,5164,8051,4728,5156,1120,6232,6612,1117,
7245,7638,8044,831,1124,1021,29978,29980,29981,29983,29982,29983]} 1. d4 Nf6 2.
c4 g6 3. Nc3 Bg7 4. e4 d6 5. h3 O-O 6. Be3 e5 7. d5 $1 c6 8. Nf3 Ne8 (8... cxd5
9. cxd5 Nbd7 10. Nd2 a5 $6 11. Be2 (11. Qc2 $1 Ne8 12. O-O-O $16) 11... Nc5 $2
12. a3 $16 (12. Bxc5 $1 dxc5 13. Bb5 Ne8 14. Nc4 Nd6 15. Nxd6 Qxd6 16. Qe2 {
mit großem Vorteil}) 12... Ne8 13. b4 $1 axb4 14. axb4 Rxa1 15. Qxa1 {
Gligoric,S-Toran Alberto,R Mar del Plata 1955 Weiß steht fast schon auf Gewinn
}) 9. g4 f5 10. gxf5 gxf5 {Weiß steht deutlich besser.} 11. exf5 Bxf5 12. Rg1
$16 (12. Ng5 Qe7 13. Rg1 {ist auch sehr gut}) 12... Kh8 13. Ng5 $1 Qc8 14. Bd3
$1 {[#]} Bxd3 (14... cxd5 $142 15. Nxd5 Nc6) 15. Qxd3 $18 {[%csl Gg5][%cal
Rd3h7] Fuchs F. spielte das bisher ausgezeichnet und mit + 2.50 steht er fast
schon auf Gewinn. Seine Aussichten sind jedenfalls hervorragend} Qf5 16. O-O-O
(16. Qxf5 Rxf5 17. O-O-O cxd5 18. Nxd5 {war noch eine Spur besser}) 16... Qxd3
17. Rxd3 Na6 18. Ne6 Rf7 19. dxc6 ({noch zwingender war} 19. Ne4 Nb4 20. Rb3 a5
21. dxc6 Nxc6 22. Nxg7 Rxg7 23. Rxg7 Kxg7 (23... Nxg7 24. Nxd6 $18) 24. Rxb7+
Kg6 25. b3 $18) 19... bxc6 20. Nxg7 {er ist dabei, seinen Vorteil abzubauen} (
20. Rdd1 $142 Nac7 21. Nxg7 Rxg7 22. f4 Ne6 23. fxe5 dxe5 24. Ne4 $18) 20...
Rxg7 21. Rxg7 Kxg7 22. Ne4 $16 d5 $6 {zu euphorisch} 23. cxd5 Nb4 {[#]} 24. Rb3
{[%cal Rb3b4]} a5 $2 (24... Nxd5 $142 $16 25. Rb7+ Kg6 26. Rxa7 Rxa7 27. Bxa7
Kf5) 25. d6 $1 Nxa2+ 26. Kb1 Nb4 27. d7 Nc7 28. Bb6 {diese Phase hat er wieder
hervorragend gespielt} Ne6 29. Rg3+ (29. Ng5 $3 Nxg5 30. Rg3 Kg6 31. d8=Q {
läßt dem Schwarzen keine Chance}) 29... Kf8 30. Ng5 $1 Ke7 31. Nxe6 Kxd7 32.
Nc5+ {das Spiel ist entschieden. Die Präzision des Weißen ist sehr
bemerkenswert} Kd6 33. Rg7 {[%csl Gc5][%cal Rg7d7]} Kd5 34. Rxh7 Kc4 35. Rh4+
Kb5 36. Nd7 Rg8 {[%cal Rg8g1]} 37. Rg4 Rh8 38. Rg5 Rxh3 39. Rxe5+ Kc4 {( -> ...
Th1+)} 40. Rc5+ Kb3 {beabsichtigt ...Sa2.} 41. Rc3+ Rxc3 42. bxc3 Nd3 43. Nc5+
Nxc5 44. Bxc5 Kxc3 {[%mdl 4096] Endspiel KL-KBB das Spiel ist ganz klar
gewonnen} 45. f4 Kc4 46. Be3 Kd5 47. Kb2 Ke4 48. Bc1 c5 49. Kb3 Kf5 50. Ka4 c4
51. Kxa5 {jetzt Kb4 und aus. KL-KB} Ke4 52. Kb4 Kd4 53. Ka3 (53. Bb2+ c3 (53...
Kd5 54. f5 {[%eval 32744,0] läßt auch keine Chance}) 54. Bxc3+ {[%eval 32738,
0]}) 53... Ke4 54. Kb2 Kd4 55. Kc2 Ke4 56. Kc3 {Weiß setzt Matt.} Kd5 57. Be3
Ke4 58. Kxc4 {eine überragende Partie von Fuchs F. Im Stil eines IM gespielt!!
} 1-0

[Event "MTV Ingolstadt 1-SV Roehrnbach 1"]
[Site "?"]
[Date "2024.11.10"]
[Round "3.2"]
[White "Glawe, Ralf"]
[Black "Knechtel, Roland"]
[Result "0-1"]
[WhiteElo "2003"]
[BlackElo "2146"]
[Annotator "Stockfish 17"]
[PlyCount "68"]
[EventDate "2024.??.??"]
[WhiteTeam "MTV Ingolstadt 1"]
[BlackTeam "SV Röhrnbach 1"]

{[%evp 13,68,1,21,-24,-18,-11,-19,-82,-28,-48,-33,-69,-80,-112,-17,-21,56,56,
59,12,14,23,29,-6,-15,-32,-19,-29,-27,-50,-50,-64,-28,-78,-86,-114,-106,-145,
-84,-176,-139,-123,-31,-239,-244,-279,-263,-286,-277,-454,-437,-464,-411,-464,
-440,-536,-550]} 1. e4 c6 2. d4 d5 3. exd5 cxd5 4. c4 Nf6 5. Nc3 e6 6. Nf3 Bb4
7. Bg5 Qa5 (7... h6 8. Bxf6 Qxf6 {ist auch sehr gut}) 8. a3 Bxc3+ 9. bxc3 Ne4
10. Rc1 $6 (10. Bd2 $11 {bleibt in der Remisbreite.}) 10... Nc6 ({Viel
schlechter ist} 10... Qxa3 $6 11. Bf4 $11) (10... Nxg5 $5 11. Nxg5 h6 12. Nf3
Qxa3) 11. Bd2 Qxa3 12. Bf4 O-O $15 ({Doch nicht} 12... Nxc3 $6 13. Qd3 $11) 13.
Bd3 $2 Bd7 (13... Nxc3 $142 $17 14. Bxh7+ Kh8 $1 15. Qd2 Na2 16. Ra1 Kxh7 $17)
14. O-O b6 (14... Nxc3 $142 $11 15. Bxh7+ Kxh7 16. Ng5+ Kg8) 15. Re1 $14 f5 16.
Ne5 (16. cxd5 exd5 17. Bf1 $14) 16... Nxe5 17. Bxe5 dxc4 18. Bxe4 $11 (18. Bxc4
{sieht schärfer aus.} Rac8 19. Ra1 Qxc3 20. Ba6 Rcd8 21. Qe2) 18... fxe4 19.
Qg4 {[%csl Ge5][%cal Rg4g7]} (19. Rxe4 $11) 19... Qe7 20. Qxe4 Rac8 21. Re3 $6
(21. Ra1 $142 Bc6 22. Qg4) 21... Bc6 22. Qg4 Bd5 23. Rg3 {[%cal Rg4g7] [#]} Rf7
24. h4 $6 {der Angriff ist nicht sehr aussichtsreich} a5 25. Rf1 a4 (25... b5
$142 $3 {Droht ...b4 und aus.} 26. f4 Rcf8) 26. f4 $2 (26. Re3 $17) 26... Be4
27. d5 Bf5 (27... Bxd5 $2 28. f5 $17) (27... Qc5+ $142 $17 28. Kh1 Qxd5) 28.
Qf3 $2 ({Weiss kommt nicht vorbei an} 28. d6 $15) 28... Qc5+ $19 ({Schwächer
ist} 28... Qxh4 29. Rg5 $17) 29. Bd4 Qxd5 30. Qxd5 exd5 31. Bxb6 $2 (31. h5 {
kämpft weiter.}) 31... a3 $1 {[%cal Ba4a3,Ba3a2][%mdl 32]} 32. Ra1 Ra8 33. Re3
a2 34. Re5 {[#]} Rb7 $1 0-1

[Event "MTV Ingolstadt 1-SV Roehrnbach 1"]
[Site "?"]
[Date "2024.11.10"]
[Round "3.3"]
[White "Neuwerth, Chulian"]
[Black "Eichschmied, Patrick"]
[Result "1/2-1/2"]
[WhiteElo "1995"]
[BlackElo "1995"]
[Annotator "Stockfish 17"]
[PlyCount "28"]
[EventDate "2024.??.??"]
[WhiteTeam "SV Röhrnbach 1"]
[BlackTeam "MTV Ingolstadt 1"]

{[%evp 11,28,-8,-5,-5,-9,-18,30,20,26,-9,-10,-10,0,-18,-12,-11,-8,-8,-6]} 1. c4
c5 2. Nf3 Nf6 3. d4 cxd4 4. Nxd4 Nc6 5. Nc3 e6 6. e3 Bb4 7. Be2 O-O 8. O-O Nxd4
(8... d5 9. cxd5 Nxd4 $6 (9... exd5 10. Qa4 Bxc3 11. Nxc6 bxc6 12. bxc3 $11)
10. Qxd4 Bxc3 11. Qxc3 $14 Nxd5 12. Qd4 Bd7 13. b3 Bc6 14. Bb2 Qg5 15. f4 $4 (
15. g3 $11) 15... Nxf4 $1 16. Rf2 Nh3+ 17. Kf1 Nxf2 18. Bf3 Bxf3 19. gxf3 Nh3 {
Smyslov,V-Chiarelli,Joe 0-1 Columbus sim 1976}) 9. exd4 d5 10. Bg5 dxc4 11.
Bxc4 Be7 12. Re1 Bd7 13. Qb3 Bc6 14. Rad1 {Schwarz sollte d5 verhindern.} Qa5
1/2-1/2

[Event "MTV Ingolstadt 1-SV Roehrnbach 1"]
[Site "?"]
[Date "2024.11.10"]
[Round "3.4"]
[White "Holgert, Michael"]
[Black "Hittinger, Christian"]
[Result "1/2-1/2"]
[WhiteElo "2004"]
[BlackElo "1960"]
[Annotator "Stockfish 17"]
[PlyCount "78"]
[EventDate "2024.??.??"]
[WhiteTeam "MTV Ingolstadt 1"]
[BlackTeam "SV Röhrnbach 1"]

{[%evp 9,78,11,26,-55,-53,-108,67,70,54,-250,138,84,85,81,185,182,195,146,139,
145,147,141,140,141,144,132,192,193,186,152,162,146,156,114,150,135,153,156,
171,169,157,55,48,46,71,37,87,98,93,96,89,85,88,81,125,119,81,80,84,72,223,222,
184,160,151,7,148,151,161,130,128]} 1. d4 d5 2. Bf4 c5 3. e3 cxd4 4. exd4 Nc6
5. c3 f6 6. Bd3 e5 $15 7. dxe5 Qe7 $2 (7... fxe5 $17 8. Qe2 $142 (8. Qh5+ {
[%mdl 64] Doppelangriff, der zu beachten war} g6 9. Bxg6+ $2 hxg6 10. Qxh8 exf4
11. Qxg8 Qe7+ 12. Ne2 Bf5 $19) 8... Bd6 9. Qh5+ Kf8 10. Be3 Nf6 $17) 8. Qh5+
$14 {[%mdl 64] Doppelangriff. Weiß steht etwas besser.} Kd8 {[%cal Rf6e5]} 9.
Nf3 $2 {[%mdl 8192]} ({Aber nicht} 9. Bxh7 $2 g5 $19) (9. Qf3 $14 {bleibt
weiter vorne.}) 9... g5 $2 (9... g6 $1 $19 {[%cal Rg6h5]} 10. Qh4 g5 11. Nxg5
Nxe5) 10. Be3 (10. Bg3 $16) 10... g4 11. Nd4 $36 {[%mdl 2048] Weiss bestimmt,
wo es lang geht.} Nxe5 $2 (11... Qxe5 $16 12. Qh4 Bh6) 12. Be2 $18 Bd7 13. Nd2
Qe8 14. Qxe8+ Kxe8 15. Nb5 {Droht stark Sc7+.} Bxb5 16. Bxb5+ Kf7 17. O-O-O $16
a6 18. Ba4 b5 19. Bc2 Ne7 20. Nb3 Nc4 21. Bf4 (21. Bc5 $1) 21... h5 22. Rhe1
Bh6 23. Bxh6 Rxh6 24. Nd4 {Txe7+! ist eine echte Drohung.} Rhh8 25. Nf5 $6 (25.
Ne6 $16) 25... Nxf5 $1 $14 26. Bxf5 Rhe8 27. b3 Nb6 {[#]} 28. h3 $1 gxh3 29.
Bxh3 $16 Rad8 30. Rxe8 Rxe8 $16 {[%mdl 4096] Endspiel KTL-KTS} 31. Kd2 Kg6 32.
g3 f5 33. Bg2 Kg5 34. Rh1 f4 $2 (34... Nd7 $16 {war einen Versuch wert.}) 35.
gxf4+ $18 Kg4 36. f5 (36. Bf1 $1) 36... h4 37. Rh3 $11 (37. f6 $16) 37... Rf8
$2 {[#]} (37... Nd7 $1 $11) 38. Rd3 $1 $16 Rh8 39. f6 (39. Bh3+ $1) 39... Rf8 (
39... Rf8 40. Bh3+ Kf4 41. Rd4+ Ke5 42. Ke3 Rxf6 43. Rxh4 $18) 1/2-1/2

[Event "MTV Ingolstadt 1-SV Roehrnbach 1"]
[Site "?"]
[Date "2024.11.10"]
[Round "3.5"]
[White "Reineke, Malte"]
[Black "Vollnhals, Michael"]
[Result "1-0"]
[WhiteElo "1933"]
[BlackElo "2052"]
[Annotator "Stockfish 17"]
[PlyCount "47"]
[EventDate "2024.??.??"]
[WhiteTeam "SV Röhrnbach 1"]
[BlackTeam "MTV Ingolstadt 1"]

{[%evp 11,47,17,23,20,34,30,73,24,36,29,48,37,44,43,91,26,126,134,166,170,129,
136,128,126,250,225,238,234,233,189,226,158,418,407,456,347,349,349]} 1. e4 e6
2. d4 d5 3. e5 c5 4. c3 Qb6 5. Nf3 Nc6 6. Bd3 cxd4 7. O-O Nge7 8. Re1 $44 {
[%mdl 1024]} h6 9. h4 Bd7 10. Nbd2 {[%cal Bb1d2,Bd2b3,Bb3d4][%mdl 32]} Rc8 11.
Nb3 dxc3 12. bxc3 d4 13. Rb1 (13. Nfxd4 $16 Nxd4 14. cxd4) 13... Nd5 $2 (13...
dxc3 $11 14. Nbd4 Qd8 15. Rxb7 Rb8 16. Nxc6 Nxc6 17. Rxb8 Qxb8) 14. Nbxd4 $16 {
[%mdl 64] Abzugsangriff} Nxc3 $6 15. Rxb6 Nxd1 {[#]} 16. Rxc6 {[%mdl 512]} (16.
Rxb7 $1 $18) 16... bxc6 17. Rxd1 Bc5 $2 (17... c5 $16) 18. Nb3 $18 Be7 19. Be3
c5 {[#] Weiss muss nun ...c4 beachten.} 20. Rc1 O-O 21. Nxc5 Bc6 $2 (21... Bxc5
$16 22. Rxc5 Rxc5 23. Bxc5 Rc8) 22. Ba6 $18 Rc7 23. Nd3 (23. Nxe6 fxe6 24. Nd4
$18) 23... Bd8 24. Bc5 1-0

[Event "MTV Ingolstadt 1-SV Roehrnbach 1"]
[Site "?"]
[Date "2024.11.10"]
[Round "3.6"]
[White "Hausmann, Kai"]
[Black "Bernauer, Thomas"]
[Result "1/2-1/2"]
[WhiteElo "2027"]
[BlackElo "1902"]
[Annotator "Stockfish 17"]
[PlyCount "67"]
[EventDate "2024.??.??"]
[WhiteTeam "MTV Ingolstadt 1"]
[BlackTeam "SV Röhrnbach 1"]

{[%evp 11,67,-2,-7,-21,16,1,-6,-17,-10,-39,-34,-37,2,-33,-32,-41,-11,-11,-7,
-11,-11,-21,3,-11,12,13,13,9,22,-10,-2,5,23,5,12,15,12,3,3,2,2,0,6,0,9,4,9,9,
326,6,249,7,11,0,0,0,1,5]} 1. d4 e6 2. e4 d5 3. exd5 exd5 4. Bd3 Bd6 5. Nc3 c6
6. h3 Ne7 7. Nf3 Bf5 8. Bg5 {[#] zielt auf Lxf5 ab.} f6 9. Be3 Nd7 10. Nh4 Bxd3
11. Qxd3 Qc7 12. Nf5 Nxf5 13. Qxf5 O-O-O 14. O-O-O g6 15. Qd3 Rde8 16. Rde1 Re7
17. Bd2 Rhe8 18. Rxe7 Rxe7 19. h4 Bf4 20. g3 Bxd2+ 21. Qxd2 Qd8 22. Re1 Qe8 23.
Rxe7 Qxe7 24. Qe2 Qxe2 25. Nxe2 $11 {[%mdl 4096] Endspiel KS-KS} Nf8 26. Nf4
Kd7 27. Kd2 Ne6 28. Ke3 Nxf4 29. Kxf4 {[#] KB-KB} h5 $2 {[%mdl 8192]} (29...
Ke6 $11 {und Schwarz ist OK.}) 30. f3 $2 (30. b4 $142 $18 Ke6 31. g4 hxg4 32.
Kxg4 f5+ 33. Kg5 Kf7 34. f4 b6 35. h5 gxh5 36. Kxh5 $18) 30... Ke6 $2 {[#]} (
30... a5 $1 $11) 31. g4 $2 ({wieder bietet sich die Chance zu} 31. b4 $1 $18 f5
32. Kg5) 31... a5 $1 {[%cal Ba7a5,Ba5a4,Ba4a3][%mdl 32] Die Stellung ist
ausgeglichen.} 32. c3 {Droht gxh5.} a4 33. b3 a3 34. Ke3 1/2-1/2

[Event "MTV Ingolstadt 1-SV Roehrnbach 1"]
[Site "?"]
[Date "2024.11.10"]
[Round "3.7"]
[White "Wolf, Andreas"]
[Black "Freundorfer, Josef"]
[Result "1-0"]
[WhiteElo "1969"]
[BlackElo "2014"]
[Annotator "Stockfish 17"]
[PlyCount "99"]
[EventDate "2024.??.??"]
[WhiteTeam "SV Röhrnbach 1"]
[BlackTeam "MTV Ingolstadt 1"]

{[%evp 9,99,38,118,111,117,-173,388,393,396,395,415,411,401,408,403,377,419,
420,451,427,451,454,443,467,469,437,420,436,418,273,283,280,268,261,249,263,
254,248,342,333,341,334,353,304,330,329,305,323,333,329,333,313,379,342,371,
337,344,369,399,384,451,422,456,452,536,535,529,511,558,547,564,540,523,523,
569,555,542,532,524,429,709,669,847,839,1012,1006,989,973,913,877,1575,1540]} 
1. e4 e5 2. Nf3 Nc6 3. Nc3 Nf6 4. d4 Bb4 (4... exd4 5. Nxd4 Bb4 6. Nxc6 bxc6 7.
Bd3 d5 {ist gut bekannt} 8. exd5 Qe7+ 9. Qe2 cxd5 10. Bd2 Qxe2+ 11. Kxe2 c6 12.
Na4 Bd6 $11 {Shirov,A-Karpov,A Moscow Alekhine mem 1992}) 5. Nxe5 Nxe4 $6 (5...
Qe7 $14) 6. Qg4 $1 $16 {[%cal Rg4e4]} Nxc3 7. a3 $2 {[%mdl 8192] [#]} (7. Qxg7
$16 {[%csl Ge5][%cal Rg7f7]} Rf8 8. a3 Nxd4 $2 (8... Ba5 9. Nxc6 dxc6 10. Qe5+
Qe7 11. Qxe7+ Kxe7 12. Bd2 $16 Bf5 {Oll,L-Petrosian,A Moscow rapid 1992}) 9.
axb4 Nxc2+ {[%mdl 64] Doppelangriff} 10. Kd2 Nxa1 11. Kxc3 $18 a5 (11... Qe7
12. Bc4 d5 13. Bb5+ c6 14. Be3 $18) 12. Bc4 Qe7 13. Re1 d5 14. Bb5+ c6 15. Nxc6
Qxe1+ 16. Bd2 Qe4 17. Nb8+ Kd8 18. Qxf8+ Kc7 19. Qc5+ {Rublevsky,S-Gabriel,C
1-0 WchJM-U18 Duisburg 1992} (19. Qc5+ Kxb8 20. Qd6+ Ka7 21. Be3+ Qxe3+ 22.
fxe3 $18)) 7... d5 $4 {[%mdl 8192]} (7... O-O $1 8. axb4 Nxb4 9. Bd3 $19) 8.
Qxg7 $18 {[%csl Ge5][%cal Rg7f7][%mdl 64] Doppelangriff. Weiß steht auf
Gewinn.} Ne4+ 9. axb4 {[%csl Ge5][%cal Rg7f7,Ba3b4,Bb4b5][%mdl 32]} Qf6 10.
Qxf6 Nxf6 11. Nxc6 bxc6 12. Bf4 Rg8 13. Bxc7 a6 14. b5 Kd7 15. Be5 Ne4 16. bxa6
Re8 {Schwarz hofft, mit ...f6 fortzusetzen.} 17. Be2 f6 18. Bf4 Bxa6 19. Be3 ({
Nicht} 19. Bxa6 Ng3+ 20. Be3 Nxh1 $16) (19. Rxa6 $1 Rxa6 20. Bxa6 Ng3+ 21. Be3
Nxh1 22. Bd3 $18) 19... Bb5 20. Rxa8 Rxa8 21. f3 Ra1+ 22. Bd1 Nd6 {[#]
beabsichtigt ...Sc4.} 23. b3 Nf5 24. Bf2 Ra8 25. Kd2 Nd6 26. Re1 Rf8 27. Be2
Bxe2 28. Kxe2 {[%mdl 4096] Endspiel KTL-KTS} Rg8 29. g3 Ra8 30. Kd3 Ra2 31. Be3
Ra3 32. h4 Ra8 33. g4 Rf8 34. Ra1 Nc8 35. Ra8 {Weiß steht klar auf Gewinn.}
Kc7 36. Bf4+ Kb7 37. Rb8+ Ka7 38. c4 Re8 39. c5 Ka6 40. Kc3 Ka7 41. b4 Re3+ 42.
Bxe3 Kxb8 {KL-KS} 43. Bf4+ Kb7 44. Bd6 Nxd6 (44... Na7 $142 45. Be7 Nb5+ 46.
Kd3 f5) 45. cxd6 {KB-KB} Kc8 46. b5 cxb5 47. Kb4 Kd7 48. Kxb5 {Schwarz muss
nun Kc5 beachten.} Kxd6 49. f4 h6 50. f5 1-0